Стенограмма 2-го Заседания 4-й Сессии ЦИК СССР 7-го созыва. /Утреннее/

Доступно только в Электронных читальных залах Найти на картеНа карте
RUSMARC
00004932nac2a22003133x 450
0012216111e-642f-4d4a-bd4a-038e81f8a561
00520210719201911.0
100##$a20210612l1937 k y0rusy50 ca
1010#$arus
102##$aRU
105##$ay z |||||
1220#$ad19370708
2001#$aСтенограмма 2-го Заседания 4-й Сессии ЦИК СССР 7-го созыва. /Утреннее/
$j08.07.1937
215##$a128 листов
251##$cДело
300##$aЗаголовок дела на папке: 4-я сессия ЦИК Союза ССР 7-го созыва. Стенограмма второго заседания 4-й Сессии ЦИК Союза ССР 7 созыва. 8-VII-1937 г. утреннее. Прения по докладу т. Яковлева Я. А. о проекте "Положения о выборах в Верховный Совет СССР"
300##$aМашинописный текст с рукописными пометками
330##$aВходит в раздел описи: VII-й Съезд Советов. 4-я Сессия ЦИК СССР
461#0$1001796d4672-8a00-4986-b488-6e42273792cc
$12001
$aЦЕНТРАЛЬНЫЙ ИСПОЛНИТЕЛЬНЫЙ КОМИТЕТ СССР (ЦИК СССР)
$1251
$cФонд
$1852
$j3316
$gР
462#0$10012246e4af-064a-4b66-b386-cae0ddb7fb2d
$12001
$aДела 7-го Съезда Советов и 1-й, 2-й, 3-й, 4-й Сессий 7-го созыва. 1935-1937 гг.
$vД. 203
$1251
$cОпись
$1852
$j7
5171#$a4-я сессия ЦИК Союза ССР 7-го созыва. Стенограмма второго заседания 4-й Сессии ЦИК Союза ССР 7 созыва. 8-VII-1937 г. утреннее. Прения по докладу т. Яковлева Я. А. о проекте "Положения о выборах в Верховный Совет СССР"
600#1$aЯковлев
$bЯ. А.
60101$3RU\NLR\AUTH\880357276
$aСССР
$bЦИК
60102$3RU\NLR\AUTH\880399378
$aСССР
$bЦИК
$bСозыв
$c7
$bСессия
$d4
60102$aСССР. ЦИК. Созыв (7). Сессия (4). Заседание (2)
60101$3RU\NLR\AUTH\8817309
$aСССР
$bВерховный Совет
801#0$aRU
$bGA_RF
801#1$aRU
$bГлавНИВЦ
$c20210612
$2rusmarc
801#2$aRU
$bПБ им. Б.Н. Ельцина
$c20210719
$gRCR
$2rusmarc
852##$aГА РФ
$j203
937##$d166424451
$hГАРФ
035##$aRuPRLIB51060655
856##$uhttp://readingroom.main.prlib.ru/item.aspx?id_node=n166424451&mode=full
Формат отображения